Statistics for Capital by Country Flag #3

Click here to take the quiz!

General Stats

  • This quiz has been taken 11 times
  • The average score is 17 of 20

Answer Stats

Answer% Correct
Baghdad
100%
Montevideo
100%
Pyongyang
100%
Singapore
100%
Tehran
100%
Wellington
100%
Damascus
91%
Kabul
91%
Kiev
91%
Kuala Lumpur
91%
Monaco
91%
Tunis
91%
Bangkok
82%
Jakarta
82%
Santo Domingo
82%
Abuja
73%
Budapest
73%
Manila
73%
Sofia
73%
Antananarivo
45%

Score Distribution

Percentile by Number Answered

Percent of People with Each Score

Your Score History

You have not taken this quiz